000 008550000a22002650004500
003 LK-CoMWRAF
005 20231006112511.0
008 230817t1991 ||||| |||| 00| 0 eng d
020 _a8171510426
040 _aLK-CoMWRAF
_dLK-CoMWRAF
_eLK-CoMWRAF
041 _aeng
082 _a297
_bMUS
100 _aMuslim, Sahih
245 _aSahih Muslim :
_bBeing traditions of the sayings and doings of the Prophet Muḥammad as narrated by his companions and compiled under the title Al-Jāmiʿ-Uṣ-Ṣaḥiḥ
250 _a9th Edition
260 _aNew Delhi :
_bKitab Bhavan,
_c1991
300 _a384p
490 _aVolume 1
500 _aThis vol. includes Kitab al-Iman, Kitab al-Taharah,Kitab al-Haid, Kitab al-Salat
650 _aIslam
650 _aMennonite
650 _aMuslim
700 _aSiddiqi, Abdul Hamid
_etrans.
942 _cBK
999 _c3091
_d3091